[Event "FIDE World Uni Rapid-B 1st"]
[Site "Tornelo INT"]
[Date "2021.03.21"]
[Round "8"]
[White "Hernandez Gonzalez, William"]
[Black "Gallagher, Daniel GH"]
[Result "1-0"]
[WhiteElo "2481"]
[BlackElo "2205"]
[PlyCount "49"]
[EventDate "2021.03.20"]
[EventType "swiss (rapid)"]
[EventRounds "12"]
[EventCountry "NET"]
[SourceTitle "CBM 201 Extra"]
[Source "ChessBase"]
[SourceDate "2021.05.31"]
[SourceVersion "1"]
[SourceVersionDate "2021.05.31"]
[SourceQuality "1"]

1. e4 c5 2. Nf3 d6 3. d4 cxd4 4. Nxd4 Nf6 5. Nc3 g6 6. Be3 Bg7 7. Bc4 Nc6 8. f3 0-0 9. Qd2 Bd7 10. h4 Rc8 11. Bb3 h5 12. 0-0-0 Ne5 13. Kb1 Nc4 14. Bxc4 Rxc4 15. g4 hxg4 16. h5 Nxh5 17. Rdg1 Qa5 18. fxg4 Rxc3 19. gxh5 Rc5 20. b4 Rb5 21. Nxb5 Qxb5 22. hxg6 Qe5 23. gxf7+ Rxf7 24. Bd4 Rf1+ 25. Kb2 1-0

[Event "FIDE World Uni Rapid-B 1st"]
[Site "Tornelo INT"]
[Date "2021.03.20"]
[Round "2"]
[White "Mendez Cordoba, Yesua Leonel"]
[Black "Gallagher, Daniel GH"]
[Result "0-1"]
[WhiteElo "1571"]
[BlackElo "2205"]
[PlyCount "68"]
[EventDate "2021.03.20"]
[EventType "swiss (rapid)"]
[EventRounds "12"]
[EventCountry "NET"]
[SourceTitle "CBM 201 Extra"]
[Source "ChessBase"]
[SourceDate "2021.05.31"]
[SourceVersion "1"]
[SourceVersionDate "2021.05.31"]
[SourceQuality "1"]

1. e4 c5 2. Nf3 d6 3. d4 cxd4 4. Nxd4 Nf6 5. Nc3 g6 6. f3 Bg7 7. Be3 0-0 8. Qd2 Nc6 9. Be2 d5 10. exd5 Nxd5 11. Nxc6 bxc6 12. Rd1 Bf5 13. Nxd5 cxd5 14. c3 Qb8 15. 0-0 Rd8 16. g4 Bc8 17. Bf4 e5 18. Bg3 Qb6+ 19. Bf2 Qc7 20. Bd3 Bb7 21. Bb1 Bc6 22. Rfe1 Re8 23. Bg3 Qb7 24. Re2 Re6 25. Rde1 Rae8 26. f4 e4 27. f5 R6e7 28. Bh4 Qb6+ 29. Qe3 d4 30. Qf4 d3+ 31. Kf1 dxe2+ 32. Rxe2 f6 33. fxg6 hxg6 34. Bxf6 Bxf6 0-1

[Event "FIDE World Uni Rapid-B 1st"]
[Site "Tornelo INT"]
[Date "2021.03.20"]
[Round "6"]
[White "Rutvik, Moharil"]
[Black "Gallagher, Daniel GH"]
[Result "0-1"]
[WhiteElo "1610"]
[BlackElo "2205"]
[PlyCount "48"]
[EventDate "2021.03.20"]
[EventType "swiss (rapid)"]
[EventRounds "12"]
[EventCountry "NET"]
[SourceTitle "CBM 201 Extra"]
[Source "ChessBase"]
[SourceDate "2021.05.31"]
[SourceVersion "1"]
[SourceVersionDate "2021.05.31"]
[SourceQuality "1"]

1. e4 c5 2. Nf3 d6 3. d4 cxd4 4. Nxd4 Nf6 5. Nc3 g6 6. Be3 Bg7 7. f3 Nc6 8. Qd2 0-0 9. h4 d5 10. Nxc6 bxc6 11. e5 Nh5 12. f4 Ng3 13. Rg1 Bg4 14. Be2 Nxe2 15. Nxe2 e6 16. Bc5 Qxh4+ 17. Bf2 Qe7 18. Qd4 f6 19. Qe3 fxe5 20. fxe5 Qb4+ 21. Qc3 Qxc3+ 22. Nxc3 Bxe5 23. Bc5 Rf7 24. Kd2 Bf4+ 0-1

[Event "English Online Blitz Gp2"]
[Site "Chess.com INT"]
[Date "2020.05.09"]
[Round "11"]
[White "Dilley, Jason M"]
[Black "Gallagher, Daniel GH"]
[Result "1-0"]
[WhiteElo "2136"]
[BlackElo "2205"]
[PlyCount "61"]
[EventDate "2020.05.09"]
[EventType "swiss (blitz)"]
[EventRounds "11"]
[EventCountry "ENG"]
[SourceTitle "CBM 196 Extra"]
[Source "ChessBase"]
[SourceDate "2020.07.31"]
[SourceVersion "1"]
[SourceVersionDate "2020.07.31"]
[SourceQuality "1"]

1. d4 Nf6 2. Bg5 Ne4 3. Bf4 Nc6 4. c3 d5 5. f3 e5 6. dxe5 g5 7. fxe4 gxf4 8. Nf3 dxe4 9. Qxd8+ Nxd8 10. Ng5 Bf5 11. Nd2 e3 12. Nc4 b5 13. Na5 Ne6 14. Nxe6 fxe6 15. 0-0-0 Bg7 16. Nc6 Be4 17. Nd4 Bxe5 18. Nxe6 Ke7 19. Nxf4 Rad8 20. Nd3 Bd6 21. h4 c5 22. Rh3 c4 23. Rxe3 cxd3 24. Rxe4+ Kf6 25. exd3 Rhe8 26. Rde1 Rxe4 27. Rxe4 Bg3 28. Kd2 Kf5 29. Ke3 Rf8 30. Be2 Kg6 31. Rg4+ 1-0

[Event "English Online Blitz Gp2"]
[Site "Chess.com INT"]
[Date "2020.05.09"]
[Round "8"]
[White "Gallagher, Daniel GH"]
[Black "Golding, James"]
[Result "0-1"]
[WhiteElo "2205"]
[BlackElo "2067"]
[PlyCount "90"]
[EventDate "2020.05.09"]
[EventType "swiss (blitz)"]
[EventRounds "11"]
[EventCountry "ENG"]
[SourceTitle "CBM 196 Extra"]
[Source "ChessBase"]
[SourceDate "2020.07.31"]
[SourceVersion "1"]
[SourceVersionDate "2020.07.31"]
[SourceQuality "1"]

1. e4 e5 2. Bc4 Nc6 3. Nc3 Nf6 4. d3 Bc5 5. f4 d6 6. Nf3 Ng4 7. Qe2 Nd4 8. Nxd4 Bxd4 9. Nd5 Nf2 10. Rf1 Bg4 11. Qd2 Qh4 12. g3 Qxh2 13. Ne3 Bxe3 14. Qxe3 Nh3 15. fxe5 0-0-0 16. exd6 Rxd6 17. Bd2 Rf6 18. Rxf6 gxf6 19. Bc3 Qh1+ 20. Kd2 Qg2+ 21. Kc1 Qf1+ 22. Be1 Ng1 23. Kd2 Nf3+ 24. Kc3 Ne5 25. Kb3 Qh3 26. Bd2 Kb8 27. Rf1 Bd7 28. Rxf6 Nxc4 29. dxc4 Qh5 30. Bc3 Be6 31. a3 Rd8 32. e5 b6 33. a4 a5 34. Rf4 Qd1 35. Rd4 Rxd4 36. Qxd4 Qe2 37. Qd8+ Kb7 38. Qd4 Qf3 39. Ka3 Qxg3 40. c5 Qf3 41. cxb6 cxb6 42. Qd6 Qc6 43. Qe7+ Qc7 44. Qf6 Qc5+ 45. b4 Qxc3# 0-1

[Event "English Online Blitz Gp2"]
[Site "Chess.com INT"]
[Date "2020.05.09"]
[Round "7"]
[White "Mortazavi, Ali"]
[Black "Gallagher, Daniel GH"]
[Result "1-0"]
[WhiteElo "2333"]
[BlackElo "2205"]
[PlyCount "37"]
[EventDate "2020.05.09"]
[EventType "swiss (blitz)"]
[EventRounds "11"]
[EventCountry "ENG"]
[SourceTitle "CBM 196 Extra"]
[Source "ChessBase"]
[SourceDate "2020.07.31"]
[SourceVersion "1"]
[SourceVersionDate "2020.07.31"]
[SourceQuality "1"]

1. Nf3 Nf6 2. g3 g6 3. Bg2 Bg7 4. 0-0 0-0 5. d3 d6 6. e4 c5 7. e5 dxe5 8. Nxe5 Nfd7 9. Nc4 Nc6 10. Nc3 Rb8 11. a4 Nd4 12. Re1 h6 13. Bf4 Ra8 14. Nd5 Ne6 15. Rxe6 fxe6 16. Nc7 e5 17. Ne6 Qe8 18. Be3 Rf5 19. Nc7 1-0

[Event "BCF-chTa 1920 (4NCL)"]
[Site "Daventry"]
[Date "2020.03.01"]
[Round "2.42"]
[White "Gallagher, Daniel GH"]
[Black "Lund, D Brett"]
[Result "1/2-1/2"]
[WhiteElo "2171"]
[BlackElo "2265"]
[PlyCount "39"]
[EventDate "2019.11.09"]
[EventType "team-tourn"]
[EventRounds "11"]
[EventCountry "ENG"]
[SourceTitle "CBM 195 Extra"]
[Source "ChessBase"]
[SourceDate "2020.05.31"]
[SourceVersion "1"]
[SourceVersionDate "2020.05.31"]
[SourceQuality "1"]
[WhiteTeam "Cambridge University"]
[BlackTeam "Spirit of Atticus"]
[WhiteTeamCountry "ENG"]
[BlackTeamCountry "ENG"]

1. e4 c5 2. a3 e6 3. b4 b6 4. Nf3 Bb7 5. bxc5 Bxe4 6. cxb6 axb6 7. Nc3 Bb7 8. d4 Nf6 9. Bd3 Be7 10. 0-0 0-0 11. Nb5 Nc6 12. Bf4 d6 13. c4 Rc8 14. d5 Ne5 15. Nxe5 dxe5 16. Bxe5 exd5 17. Qf3 dxc4 18. Qxb7 cxd3 19. Na7 Nd7 20. Nxc8 1/2-1/2

[Event "BCF-chTa 1920 (4NCL)"]
[Site "Daventry"]
[Date "2020.02.08"]
[Round "5.25"]
[White "Haria, Ravi"]
[Black "Gallagher, Daniel GH"]
[Result "0-1"]
[WhiteElo "2450"]
[BlackElo "2171"]
[PlyCount "134"]
[EventDate "2019.11.09"]
[EventType "team-tourn"]
[EventRounds "11"]
[EventCountry "ENG"]
[SourceTitle "CBM 194 Extra"]
[Source "ChessBase"]
[SourceDate "2020.03.31"]
[SourceVersion "1"]
[SourceVersionDate "2020.03.31"]
[SourceQuality "1"]
[WhiteTeam "Wood Green"]
[BlackTeam "Cambridge University"]
[WhiteTeamCountry "ENG"]
[BlackTeamCountry "ENG"]

1. Nf3 Nf6 2. g3 g6 3. Bg2 Bg7 4. 0-0 0-0 5. d4 d6 6. a4 Nc6 7. a5 a6 8. c4 e5 9. d5 Ne7 10. Nc3 Ne8 11. Qb3 h6 12. Rd1 Rb8 13. c5 Bd7 14. cxd6 cxd6 15. Nd2 f5 16. Nc4 Nc8 17. Bd2 g5 18. Be1 g4 19. Na4 Bb5 20. Nc3 Bd7 21. Na4 Bb5 22. Rac1 h5 23. Rc2 h4 24. Ncb6 Nxb6 25. Nxb6 f4 26. Rdc1 Qf6 27. Nc4 Bh6 28. Nd2 Bxe2 29. Ne4 Qf5 30. Rxe2 f3 31. Re3 fxg2 32. gxh4 Bxe3 33. Qxe3 Qf4 34. Kxg2 Qf3+ 35. Qxf3 Rxf3 36. Rc4 Rd3 37. Nc3 Nf6 38. Rc7 Nxd5 39. Nxd5 Rxd5 40. Rd7 b6 41. axb6 Rxb6 42. Bc3 Rc5 43. Kg3 Rc4 44. h5 Rf4 45. Rd8+ Rf8 46. Rd7 Rf7 47. Rd8+ Kh7 48. Kxg4 Rxf2 49. h4 Rc6 50. Kg5 Rf7 51. Bd2 a5 52. h6 a4 53. Kh5 Rb6 54. Bc3 Rf5+ 55. Kg4 Rf7 56. Kh5 Rb3 57. Rc8 d5 58. Bd2 Rxb2 59. Bc1 Rg2 60. Ra8 d4 61. Rxa4 d3 62. Bg5 d2 63. Ra1 Rd7 64. Rd1 e4 65. Be3 Rd5+ 66. Bg5 e3 67. Rxd2 Rgxd2 0-1

[Event "Hastings Masters op 95th"]
[Site "Hastings"]
[Date "2020.01.05"]
[Round "9"]
[White "Gallagher, Daniel GH"]
[Black "Willow, Jonah B"]
[Result "0-1"]
[WhiteElo "2171"]
[BlackElo "2355"]
[PlyCount "72"]
[EventDate "2019.12.28"]
[EventType "swiss"]
[EventRounds "9"]
[EventCountry "ENG"]
[SourceTitle "CBM 194 Extra"]
[Source "ChessBase"]
[SourceDate "2020.03.31"]
[SourceVersion "1"]
[SourceVersionDate "2020.03.31"]
[SourceQuality "1"]

1. e4 c5 2. Nf3 Nc6 3. Nc3 g6 4. d4 cxd4 5. Nxd4 Bg7 6. Be3 Nf6 7. Bc4 0-0 8. Bb3 Re8 9. 0-0 d6 10. h3 Na5 11. Re1 a6 12. Bg5 b5 13. Bd5 Nxd5 14. Nxd5 Bb7 15. c3 Nc4 16. Qe2 Nb6 17. Rad1 Nxd5 18. exd5 Qa5 19. a3 b4 20. Nb3 Qa4 21. Qc4 a5 22. Nd4 Rac8 23. Qb5 Qxb5 24. Nxb5 bxc3 25. bxc3 Kf8 26. Re3 h6 27. Bf4 Red8 28. Rde1 Bf6 29. Bxh6+ Kg8 30. Rd1 Rc5 31. a4 Bxd5 32. h4 Bb3 33. Ra1 Bxh4 34. Nd4 Bc4 35. Rb1 Rh5 36. Bf4 e5 0-1

[Event "Hastings Masters op 95th"]
[Site "Hastings"]
[Date "2019.12.31"]
[Round "4"]
[White "Anuprita, Patil"]
[Black "Gallagher, Daniel GH"]
[Result "1/2-1/2"]
[WhiteElo "2025"]
[BlackElo "2171"]
[PlyCount "70"]
[EventDate "2019.12.28"]
[EventType "swiss"]
[EventRounds "9"]
[EventCountry "ENG"]
[SourceTitle "CBM 194 Extra"]
[Source "ChessBase"]
[SourceDate "2020.03.31"]
[SourceVersion "1"]
[SourceVersionDate "2020.03.31"]
[SourceQuality "1"]

1. Nf3 Nf6 2. g3 g6 3. Bg2 Bg7 4. 0-0 0-0 5. d4 d6 6. b3 e5 7. dxe5 dxe5 8. Ba3 Re8 9. Nc3 Nc6 10. Qxd8 Rxd8 11. Rad1 Bf5 12. Rxd8+ Rxd8 13. Rc1 Bh6 14. e3 Ng4 15. Rd1 Rxd1+ 16. Nxd1 Bxc2 17. Nc3 Nf6 18. Ne1 Bf5 19. Bxc6 bxc6 20. Nf3 Nd7 21. e4 Bh3 22. Be7 Bg4 23. Kg2 Bf8 24. Bxf8 Bxf3+ 25. Kxf3 Kxf8 26. Ke3 Ke7 27. Na4 Kd6 28. Nb2 Nb6 29. h3 h6 30. h4 h5 31. f3 f6 32. f4 exf4+ 33. gxf4 Nd7 34. Nc4+ Ke6 35. Na5 c5 1/2-1/2

[Event "Helsingor Xtracon op"]
[Site "Helsingor"]
[Date "2019.07.21"]
[Round "2"]
[White "Andersen, Mads"]
[Black "Gallagher, Daniel GH"]
[Result "1-0"]
[WhiteElo "2605"]
[BlackElo "2153"]
[PlyCount "59"]
[EventDate "2019.07.20"]
[EventType "swiss"]
[EventRounds "10"]
[EventCountry "DEN"]
[SourceTitle "CBM 191 Extra"]
[Source "ChessBase"]
[SourceDate "2019.09.30"]
[SourceVersion "1"]
[SourceVersionDate "2019.09.30"]
[SourceQuality "1"]

1. Nf3 Nf6 2. g3 g6 3. b3 Bg7 4. Bb2 0-0 5. Bg2 d6 6. d4 c6 7. 0-0 Qa5 8. Nbd2 Qh5 9. e4 Bh3 10. Re1 Ng4 11. Nh4 Bxg2 12. Kxg2 Na6 13. h3 Nf6 14. Nhf3 Rad8 15. Qe2 Nd7 16. Nc4 g5 17. Rad1 Qg6 18. Na5 Nc7 19. Nxb7 Rc8 20. c4 h5 21. Na5 c5 22. Nc6 Rfe8 23. dxc5 Nxc5 24. Bxg7 Qxg7 25. Nxa7 Ra8 26. Nc6 N7e6 27. Nfd4 Nxd4 28. Nxd4 Qg6 29. Rd2 Rab8 30. Qe3 1-0

[Event "Helsingor Xtracon op"]
[Site "Helsingor"]
[Date "2019.07.20"]
[Round "1"]
[White "Gallagher, Daniel GH"]
[Black "Kristensen, Thomas Overgaard"]
[Result "1-0"]
[WhiteElo "2153"]
[BlackElo "1700"]
[PlyCount "41"]
[EventDate "2019.07.20"]
[EventType "swiss"]
[EventRounds "10"]
[EventCountry "DEN"]
[SourceTitle "CBM 191 Extra"]
[Source "ChessBase"]
[SourceDate "2019.09.30"]
[SourceVersion "1"]
[SourceVersionDate "2019.09.30"]
[SourceQuality "1"]

1. e4 c6 2. d4 d5 3. e5 c5 4. dxc5 Nc6 5. a3 Nxe5 6. b4 Nf6 7. Bb2 Qc7 8. Nc3 Be6 9. Nb5 Qb8 10. Nf3 Nxf3+ 11. Qxf3 Bg4 12. Qe3 Ne4 13. f3 a6 14. fxe4 axb5 15. Bxb5+ Kd8 16. exd5 Qa7 17. Qf4 h5 18. Qxf7 e5 19. Qe8+ Kc7 20. Bxe5+ Bd6 21. Bxd6# 1-0